| 000 | 00385nam a22001337a 4500 | ||
|---|---|---|---|
| 008 | 230621b |||||||| |||| 00| 0 eng d | ||
| 040 |
_aNational Science Library _cNational Science Library |
||
| 080 |
_a626.17(082.2) _bK7 |
||
| 245 | _aSymposium on canal lining | ||
| 260 |
_aDelhi: _bManager of Publications, _c1967 |
||
| 300 | _aiv, 174p. | ||
| 650 | _aSymposium | ||
| 942 |
_2udc _cSYM |
||
| 999 |
_c45766 _d45766 |
||